000
00290nam a22001337a 4500
008
181015b xxu||||| |||| 00| 0 eng d
020
_a
9780072289824
041
_a
eng
080
_a
159.9
100
_a
49
101
_a
PSI
245
_a
Abnormal Psychology
_c
Hlgin.W
942
_2
udc
_c
BK
999
_c
49662
_d
49662